| 000 | 00916nam a2200277 i 4500 | ||
|---|---|---|---|
| 001 | bg | ||
| 100 | 1 | _aMROWIEC, Teresa | |
| 245 | 1 | 0 |
_aTechnologia betonu zwykłego : _bćwiczenia laboratoryjne / _cTeresa Mrowiec, Zygmunt Rawicki ; Politechnika Krakowska im. Tadeusza Kościuszki. |
| 250 | _aWyd. 3. | ||
| 260 |
_aKraków : _bPK, _c1996. |
||
| 300 |
_a182 s. : _bfot., rys., wykr. ; _c24 cm. |
||
| 504 | _aWykaz norm s. 33-34, 89, 96. | ||
| 521 | _aSkrypt dla studentów wyższych szkół technicznych. | ||
| 650 | 9 |
_aBeton _xbadanie _xmetody |
|
| 650 | 9 |
_aCement _xbadanie _xmetody |
|
| 650 | 9 |
_aWytrzymałość materiałów _xbadanie _xmetody |
|
| 655 | _aPodręczniki akademickie | ||
| 700 | 1 | _aRAWICKI, Zygmunt | |
| 020 | _a8390387840 | ||
| 040 | _cBPK | ||
| 041 | 0 | _apl | |
| 080 | _a666.97/.98:620.1](075.8) | ||
| 920 | _a83-903878-4-0 | ||
| 942 | _cKS | ||
| 008 | s pl f |000 0 pol | ||
| 999 |
_c24880 _d24880 |
||
| 856 |
_uhttp://koha.tu.koszalin.pl/cgi-bin/koha/opac-detail.pl?biblionumber=24880 _yKatalog online BPK |
||